000 00447nam a2200157 i 4500
001 bg
100 1 _aMEJNERT, N. A.
245 0 _aNożdenie traktorov s navesnymi i pricepnymi dorożnymi masinami i mechanizmami /
_cN.A. Mejnert, A.M. Sorokin, L.N. Mejnert.
260 _aMoskva,
_c1970.
700 1 _aSOROKIN, A. M.
700 1 _aMEJNERT, L. N.
040 _cBPK
041 _apol
942 _cKS
008 s pl f |000 0 pol
999 _c13210
_d13210
856 _uhttp://koha.tu.koszalin.pl/cgi-bin/koha/opac-detail.pl?biblionumber=13210
_yKatalog online BPK